000 00467nam a2200205Ia 4500
003 OSt
005 20220923230914.0
006 a|||||r|||| 00| 0
007 ta
008 Pun
024 _a306,350
037 _cTextual
040 _aARTS
_cARTS
_bPun
041 _2Pun
_aPun
082 _aPz, 153L0
245 0 _aਤੁਲਨਾਤਮਕ ਭਾFਾ ਵਿਗਿਆਨ
260 _c1970
942 _hPz, 153L0
_cTEXL
_2CC
999 _c388136
_d388136